[Event "Oberfranken-ch U14"]
[Site "Schney"]
[Date "2017.01.05"]
[Round "6.6"]
[White "Von Deimling, Nicolas"]
[Black "Leipold, Daniel"]
[Result "1-0"]
[WhiteElo "1138"]
[BlackElo "1082"]
[PlyCount "85"]
[EventDate "2017.01.03"]
[EventType "swiss"]
[EventRounds "7"]
[EventCountry "GER"]
[SourceTitle "EXT 2024"]
[Source "ChessBase"]
[SourceDate "2023.10.10"]
[SourceVersion "1"]
[SourceVersionDate "2023.10.10"]
[SourceQuality "1"]

1. e4 e5 2. Nf3 Nc6 3. Nc3 Bc5 4. Bc4 Nf6 5. 0-0 0-0 6. d3 d6 7. Bg5 Nd4 8. Nd5 Bg4 9. Bxf6 gxf6 10. c3 Nxf3+ 11. gxf3 Bh3 12. Re1 f5 13. Kh1 Kh8 14. d4 exd4 15. cxd4 Bb4 16. Nxb4 fxe4 17. fxe4 Qh4 18. Qf3 f6 19. Rg1 Bd7 20. Rg3 b5 21. Bd5 Rac8 22. Bc6 Bxc6 23. Nxc6 Rg8 24. Nxa7 Rb8 25. Rxg8+ Rxg8 26. Nxb5 Rg7 27. Nc3 Rg8 28. Nd5 Rb8 29. b3 Rb5 30. Qxf6+ Qxf6 31. Nxf6 Kg7 32. Ne8+ Kg8 33. Nxc7 Rb7 34. Ne6 Re7 35. d5 Rf7 36. f4 h6 37. Rg1+ Kh8 38. a4 Rb7 39. Rb1 Rb4 40. e5 dxe5 41. fxe5 Re4 42. Nf8 Rxe5 43. Ng6+ 1-0

[Event "Oberfranken-ch U14"]
[Site "Schney"]
[Date "2017.01.04"]
[Round "4.3"]
[White "Leipold, Daniel"]
[Black "Beetz, Robin"]
[Result "0-1"]
[WhiteElo "1082"]
[BlackElo "1199"]
[PlyCount "67"]
[EventDate "2017.01.03"]
[EventType "swiss"]
[EventRounds "7"]
[EventCountry "GER"]
[SourceTitle "EXT 2024"]
[Source "ChessBase"]
[SourceDate "2023.10.10"]
[SourceVersion "1"]
[SourceVersionDate "2023.10.10"]
[SourceQuality "1"]

1. d4 d5 2. c4 e6 3. Nf3 Bb4+ 4. Bd2 Bxd2+ 5. Nbxd2 Nf6 6. e3 Nc6 7. Bd3 0-0 8. Ne5 Nxe5 9. dxe5 Nd7 10. 0-0 Nxe5 11. Bb1 Nxc4 12. Nxc4 dxc4 13. Qc2 Qh4 14. g3 Qh5 15. Qxc4 c6 16. Qd4 e5 17. Qd1 Qxd1 18. Rxd1 Bg4 19. Rd2 Rfd8 20. Rxd8+ Rxd8 21. Bc2 b6 22. Kg2 g6 23. h3 Be6 24. a3 c5 25. Ba4 Bd7 26. Rd1 Bc6+ 27. Rd5 Bxd5+ 28. f3 Be6 29. Bc6 Rd2+ 30. Kf1 Rxb2 31. g4 Rb3 32. a4 Rxe3 33. Bb7 Ra3 34. Bc6 0-1

[Event "Oberfranken-ch U14"]
[Site "Schney"]
[Date "2017.01.04"]
[Round "3.5"]
[White "Neef Steffens, Lucia"]
[Black "Leipold, Daniel"]
[Result "0-1"]
[WhiteElo "790"]
[BlackElo "1082"]
[PlyCount "132"]
[EventDate "2017.01.03"]
[EventType "swiss"]
[EventRounds "7"]
[EventCountry "GER"]
[SourceTitle "EXT 2024"]
[Source "ChessBase"]
[SourceDate "2023.10.10"]
[SourceVersion "1"]
[SourceVersionDate "2023.10.10"]
[SourceQuality "1"]

1. e4 e5 2. Nf3 Nc6 3. Bc4 Bc5 4. Nc3 d6 5. d3 Nf6 6. Ng5 0-0 7. 0-0 Nd4 8. Be3 Ng4 9. Bxd4 Bxd4 10. Nf3 a6 11. Nxd4 exd4 12. Ne2 c5 13. Nf4 b5 14. Bd5 Ra7 15. h3 Nf6 16. c4 b4 17. a3 bxa3 18. Rxa3 Qb6 19. Rb3 Qd8 20. Rb8 Nd7 21. Ne6 fxe6 22. Bxe6+ Kh8 23. Bf5 Nxb8 24. Qh5 Bxf5 25. exf5 Nc6 26. Re1 Re7 27. Ra1 Nb4 28. Rd1 Re5 29. g4 g6 30. Qh6 gxf5 31. g5 Rg8 32. h4 Rg6 33. Qh5 Qg8 34. Qf3 h6 35. Qh5 Qe8 36. Kf1 f4 37. Qg4 hxg5 38. Qh5+ Kg7 39. hxg5 Rexg5 40. Qh1 Rh6 41. Qxh6+ Kxh6 42. Re1 Qf7 43. Ke2 Re5+ 44. Kd2 Rxe1 45. Kxe1 Nxd3+ 46. Kd2 Nxb2 47. Kc2 Nxc4 48. Kd3 a5 49. Kc2 a4 50. Kb1 Nd2+ 51. Kc2 Nf3 52. Kd3 a3 53. Ke2 Qb3 54. Kf1 Ne5 55. Ke2 a2 56. Kf1 a1R+ 57. Kg2 Ra2 58. Kf1 Rxf2+ 59. Kxf2 Qf3+ 60. Kg1 d3 61. Kh2 d2 62. Kg1 Qa3 63. Kf2 d1R 64. Ke2 Rb1 65. Kd2 Rb2+ 66. Kc1 Qa1# 0-1